| 000 | 00708nam a2200181Ia 4500 | ||
|---|---|---|---|
| 008 | 151018s9999 xx 000 0 und d | ||
| 082 |
_bRBASDV60212 _a915.4 |
||
| 100 | _aदिनानाथ बांदेकर | ||
| 245 | _aचला सिंधुदुर्ग पाहू | ||
| 250 | _b1 | ||
| 260 |
_b"श्री दिनानाथ बांदेकर ,सावंतवाडी" _c2013 |
||
| 300 | _a64 | ||
| 600 | _aदिनानाथ बांदेकर | ||
| 630 | _aचला सिंधुदुर्ग पाहू | ||
| 700 | _aदिनानाथ बांदेकर | ||
| 730 | _aचला सिंधुदुर्ग पाहू | ||
| 942 | _cBOOK | ||
| 999 |
_c1053782 _d1053779 |
||